[Event "7th Uppsala Young Champions"]
[Site "Uppsala"]
[Date "2020.10.26"]
[Round "5.3"]
[White "Blohberger, Felix"]
[Black "Van Dael, Siem"]
[Result "0-1"]
[WhiteElo "2467"]
[BlackElo "2285"]
[Annotator "TA"]
[PlyCount "114"]
[EventDate "2020.10.23"]
[EventType "swiss"]
[EventCountry "SWE"]
[SourceTitle "playchess.com"]
[Source "ChessBase"]
[SourceQuality "1"]

{[%evp 15,114,10,7,0,0,0,0,0,0,-8,-7,-17,-15,-20,-16,-10,-10,-11,-4,-6,0,-7,38,33,38,35,32,24,24,24,16,25,25,21,37,37,63,74,49,60,86,94,82,75,73,73,116,116,115,103,115,91,28,52,137,93,389,381,383,298,610,603,578,595,620,612,605,605,581,549,581,581,581,581,581,500,585,535,315,0,1,8,8,0,0,0,0,0,0,-479,-479,-479,-479,-1162,-1302,-29973,-29974,-29977,-29978,-29967,-29964]} 1. e4 g6 2. d4 Bg7 3. Nf3 d6 4. Be3 Nf6 5. Nc3 O-O 6. Qd2 c6 7. Bd3 Nbd7 8. h3 e5 9. dxe5 {B08: Pirc Defence: Classical System.} Nxe5 {is the legacy move (9...dxe5).} 10. Be2 b5 11. a3 {The position is equal.} a5 12. O-O Be6 {[#]} 13. Nxe5 $146 ({Predecessor:} 13. Nd4 Re8 14. Nxe6 Rxe6 15. f3 Nh5 16. Rfe1 Bf6 17. b3 Nd7 18. f4 Ng3 19. Bf3 {½-½ (33) Lalic,S-Brennan,R (2223) ICCF email 2019}) 13... dxe5 14. Qxd8 Rfxd8 15. f3 Nh5 16. Rfd1 Nf4 17. Bf1 Bf6 18. Kf2 h5 19. h4 Bc8 20. Rxd8+ Bxd8 21. g3 Ne6 $1 22. a4 b4 23. Ne2 Be7 24. Nc1 Nc5 25. Bc4 Ba6 26. Bxa6 Rxa6 27. Ke2 f5 28. Bxc5 Bxc5 $16 {[%mdl 4096] Endgame KRB-KRN} 29. Nd3 Bd6 30. Rd1 fxe4 31. fxe4 Kf7 {[#]} 32. Nc1 $1 Ke6 33. Nb3 Ra8 34. Kd3 Rf8 (34... Bc7 $14) 35. Kc4 Rf3 $2 {[%mdl 8192]} (35... Ra8 $16) 36. Nxa5 $18 Rxg3 37. Nxc6 Rg4 $2 (37... Rg2 38. Rc1 (38. Nxb4 Re2 $16) 38... Be7 39. Nxe7 (39. Nxb4 Bxh4 40. a5 Bf2 $16) 39... Kxe7) 38. a5 {And now a6 would win.} Rxe4+ 39. Kb5 {a6 is the strong threat.} Rf4 40. a6 Rf8 41. a7 e4 42. Ka6 {Black must now prevent Nb8!} e3 43. Nb8 e2 44. Re1 Rxb8 45. Rxe2+ ({Weaker is} 45. axb8=R Bxb8 46. Rxe2+ Kf5 $18) 45... Kf5 46. axb8=Q Bxb8 {KR-KB} 47. Kb5 $2 (47. Rf2+ $18 Bf4 48. Kb5) 47... Bg3 $11 48. Kxb4 Bxh4 49. c4 Bg3 {White should prevent ...h4.} 50. c5 h4 51. c6 {Hoping for Re3.} h3 {Strongly threatening ...g5.} 52. Re7 $2 {[%mdl 8192]} (52. Ka5 $11 {and White has nothing to worry.}) 52... h2 $19 ({Inferior is} 52... Bd6+ 53. Kc3 $11) 53. Rh7 {[#]} g5 $1 54. Kc4 (54. Kb5 $142 g4 55. b4) 54... Kg6 55. Rh3 Bc7 {Black mates.} 56. Kd3 g4 57. Rh8 g3 {What a bad dream for White. Av CentiPawn Loss W=-57/B=-15. Weighted=-37/-17} 0-1

[Event "7th Uppsala Young Champions"]
[Site "Uppsala"]
[Date "2020.10.26"]
[Round "5.4"]
[White "Nemec, Jachym"]
[Black "Seo, Jung Min"]
[Result "1/2-1/2"]
[WhiteElo "2246"]
[BlackElo "2455"]
[Annotator "TA"]
[PlyCount "118"]
[EventDate "2020.10.23"]
[EventType "swiss"]
[EventCountry "SWE"]
[SourceTitle "playchess.com"]
[Source "ChessBase"]
[SourceQuality "1"]

{[%evp 22,118,23,16,25,0,6,0,26,16,30,27,50,-16,-10,-8,0,-92,-17,-90,-102,-83,-82,-84,-84,-91,-79,-91,-93,-68,-21,-57,-50,-56,-30,-170,-173,-188,-183,-171,-29,-178,-91,-65,70,71,74,65,52,-98,-92,-85,-98,-107,-53,-45,0,-8,128,117,123,118,89,0,8,8,6,8,18,0,14,0,0,0,0,0,0,0,0,0,17,0,0,0,5,0,8,7,7,0,6,-8,11,-8,10,-8,8,-17,13]} 1. d4 Nf6 2. c4 e6 3. Nc3 Bb4 4. e3 O-O 5. Bd3 d5 6. Nf3 c5 7. O-O dxc4 8. Bxc4 Nc6 9. a3 Bxc3 10. bxc3 Qc7 11. Bb2 e5 12. h3 Bf5 {E59: Nimzo-Indian: Rubinstein: Main Line: 7...Nc6 8 a3 Bxc3 9 bxc3 dxc4.} 13. Qe2 Rad8 14. Rfd1 h6 15. Rac1 {[#]} e4 $146 ({Predecessor:} 15... Rfe8 16. Bb5 e4 17. Nh2 a6 18. Bxc6 bxc6 19. Nf1 Bg6 20. Qc2 Nd7 21. Rb1 {½-½ (21) Fichtner,B (2370)-Chiru,I (2534) ICCF email 2010}) 16. Nd2 Bg6 17. Ba2 ({Better is} 17. Nb3 $14) 17... Bh5 $11 18. g4 Bg6 19. Nf1 (19. Qf1 $11) 19... h5 (19... Qe7 $1 $17) 20. g5 (20. Kg2 $11 {keeps the balance.}) 20... Nh7 $1 $17 {[%cal Rh7g5]} 21. h4 Qc8 22. f4 (22. dxc5 $2 Ne5 $19) 22... exf3 $1 23. Qxf3 Rde8 24. Nd2 {[#]} Kh8 $1 25. Bb1 Qc7 26. Kg2 Qb6 27. Ba1 $1 Qa6 28. Nb3 (28. c4 $1 $11) 28... cxd4 $19 29. cxd4 Qxa3 30. Rc3 Qb4 (30... Na5 $19 31. Bxg6 fxg6) 31. Bd3 {[#]} (31. Kg1 $11 {and White is okay.}) 31... Qe7 (31... Qd6 $1 $19 32. Bb2 Bxd3 33. Rdxd3 Qg6) 32. Bb1 $17 Be4 (32... a5 $15) 33. Bxe4 Qxe4 34. Qxe4 Rxe4 35. Nc5 (35. d5 $14 {keeps the upper hand.} Rg4+ 36. Kf2) 35... Rxh4 36. Nxb7 Rg4+ 37. Kf1 Ne7 ({Black should try} 37... Nb8 $17 38. Nd6 Nxg5) 38. d5 $15 {Black must now prevent d6.} Nf5 {And now ...Ng3+ would win.} ({Of course not} 38... Rxg5 39. d6 $14) 39. d6 {Threatens to win with d7.} Nxg5 (39... Ng3+ $1 $11 {remains equal.} 40. Ke1 Ne4) 40. d7 $36 {[%mdl 2048] aiming for Rc8. Black is under strong pressure.} Ne6 ({Don't blunder} 40... Ng3+ $2 41. Ke1 $18) 41. Rc8 Rg8 42. d8=Q (42. Kf2 $16) 42... Nxd8 $11 {The position is equal.} 43. Rdxd8 Rxd8 44. Nxd8 f6 45. Ke2 Kh7 46. Ne6 Re4 {[%mdl 64] Double Attack} 47. Nf8+ Kh6 48. Rc3 Re7 49. Rd3 Re8 50. Nd7 a5 51. Nc5 Rc8 52. Bd4 Rb8 53. Ra3 Rb4 54. Ba1 h4 55. Kf3 h3 {...h2 is the strong threat.} 56. Ra2 Rb5 57. Bd4 Rb4 58. Ba1 Rb5 59. Bd4 Rb4 {Av CentiPawn Loss W=-19/B=-20. Weighted=-23/-21} 1/2-1/2

[Event "7th Uppsala Young Champions"]
[Site "Uppsala"]
[Date "2020.10.26"]
[Round "5.5"]
[White "Muetsch, Annmarie"]
[Black "Kucuksari, Kaan"]
[Result "1/2-1/2"]
[WhiteElo "2226"]
[BlackElo "2384"]
[Annotator "TA"]
[PlyCount "119"]
[EventDate "2020.10.23"]
[EventType "swiss"]
[EventCountry "SWE"]
[SourceTitle "playchess.com"]
[Source "ChessBase"]
[SourceQuality "1"]

{[%evp 15,119,39,66,33,36,29,43,35,57,32,72,58,79,55,58,56,142,95,85,102,104,102,100,102,95,97,117,106,118,121,124,116,77,61,184,165,151,29,20,20,41,50,104,102,93,38,37,23,23,-18,0,-18,-18,-18,-18,-18,-18,-20,-18,-26,0,0,0,-8,-9,-8,0,0,0,0,0,0,0,0,0,0,0,0,0,0,0,0,0,0,0,0,0,0,0,0,0,-28000,-28000,-28000,-28000,-28000,-28000,-28000,-28000,-28000,-28000,-28000,-28000,-28000,-28000,-28000]} 1. e4 c6 2. d4 d5 3. Nc3 dxe4 4. Nxe4 Nf6 5. Nxf6+ exf6 6. c3 Bd6 7. Bd3 Be6 8. Ne2 Qc7 9. Ng3 {B15: Caro-Kann: 3 Nc3: 3...g6 and 3...dxe4 4 Nxe4 Nf6 5 Nxf6+ exf6.} Nd7 10. Ne4 Be7 11. O-O {[#] White is slightly better.} Nb6 $146 ({Predecessor:} 11... O-O-O 12. b4 h5 13. Qa4 Kb8 14. Nc5 Nb6 15. Qc2 Bd6 16. h3 g5 17. Rb1 g4 {0-1 (30) Filev,G (2305)-Vankov,J (2295) Sofia 2004}) 12. b3 h6 13. Qf3 Rd8 14. Bc2 Nd5 15. Re1 b6 (15... f5 $14 16. Nc5 Bxc5 17. dxc5 O-O) 16. a3 f5 17. Ng3 g6 18. c4 Nf6 19. Bf4 $36 {[%mdl 2048] White is really pushing.} Qd7 20. Rad1 Kf8 21. Be5 Rh7 22. h3 Ne8 23. Ne2 f6 24. Bh2 Bf7 (24... Bxa3 $14 25. Nf4 Bf7) 25. d5 cxd5 26. Nc3 (26. b4 $16) 26... Bxa3 $11 27. Nxd5 {Black must now prevent b4.} Bxd5 28. Rxd5 Re7 (28... Qc8 $14) 29. Red1 $16 Qe6 {( -> ...Qe1+!)} 30. Bf4 (30. Rxd8 $2 {[#] gets mated.} Qe1+ $1 {[%mdl 512]} 31. Rxe1 Rxe1#) ({Better is} 30. Qc3 $1 $16 Rc8 31. g4 $1 {[%mdl 512]} fxg4 32. Bxg6) 30... Rxd5 $14 31. cxd5 Qe2 32. d6 (32. Qc3 {is more complex.} Bb4 33. Qxb4 Qxc2 34. Re1 Qc5 35. Qxc5 bxc5 36. Bxh6+ Kf7 37. Ra1) 32... Bxd6 33. Bxd6 Nxd6 34. Rxd6 Qxc2 35. Rxf6+ $11 {[%mdl 4096] Endgame KQR-KQR} Kg7 36. Rc6 Qe4 37. Qc3+ Qe5 38. Qxe5+ Rxe5 {KR-KR} 39. Rc7+ Kf6 40. Rxa7 Re1+ 41. Kh2 Rb1 42. Rc7 Rxb3 43. Rc6+ Kg5 44. h4+ Kh5 45. g3 g5 46. Rf6 $1 Rb5 47. hxg5 hxg5 48. f3 $1 Rb2+ 49. Kg1 b5 50. Rxf5 Kg6 51. g4 b4 {Hoping for ...b3.} 52. f4 gxf4 $2 {[%mdl 8192]} (52... Rb1+ $11 53. Kf2 Rb2+ 54. Ke3 Rb3+ 55. Ke4 gxf4) 53. Rxf4 b3 {Mate.} 54. Rb4 Rb1+ 55. Kg2 Kf6 56. Kf3 b2 57. Kg2 Ke5 58. g5 Kf5 59. Rb5+ Kg6 60. Kh2 {[%mdl 32768] Quite a comeback for Black. Av CentiPawn Loss W=-28/B=552. Weighted=-18/450. An unexpected result.} 1/2-1/2

[Event "7th Uppsala Young Champions"]
[Site "Uppsala"]
[Date "2020.10.26"]
[Round "5.6"]
[White "Radeva, Viktoria"]
[Black "Stefansson, Vignir Vatnar"]
[Result "0-1"]
[WhiteElo "2263"]
[BlackElo "2313"]
[Annotator "TA"]
[PlyCount "60"]
[EventDate "2020.10.23"]
[EventType "swiss"]
[EventCountry "SWE"]
[SourceTitle "playchess.com"]
[Source "ChessBase"]
[SourceQuality "1"]

{[%evp 13,60,23,21,3,29,22,44,27,81,-36,-32,-98,48,-58,-83,-161,-182,-194,-190,-182,-135,-137,-109,-129,-134,-165,-144,-206,-224,-244,-229,-220,-206,-218,-150,-310,-275,-449,-424,-516,-524,-497,-267,-703,-704,-2306,-2302,-2458,-2159]} 1. e4 e6 2. d4 d5 3. Nd2 c5 4. exd5 Qxd5 5. Ngf3 cxd4 6. Bc4 Qd8 7. O-O a6 8. a4 {C07: French Tarrasch: 3...c5, 4 Ngf3 and 4 exd5 Qxd5.} Qc7 9. b3 {[#]} Nc6 $146 ({Predecessor:} 9... Nf6 10. Bb2 Bd6 11. Qe2 O-O 12. Bxd4 Nbd7 13. h3 Nb6 14. Rfd1 Nbd5 15. Ne4 Nf4 {1-0 (63) Nastase,A (1852)-Coman,E (1697) Calimanesti 2015}) 10. Bb2 {[%mdl 1024] White has compensation.White is slightly better.} e5 (10... Nf6 $11) 11. Ng5 (11. c3 $16) 11... Nh6 $15 12. f4 {[#]} (12. c3 $15) 12... Be7 ({Better is} 12... Bg4 $1 $17 {[%cal Rg4d1]} 13. Qe1 O-O-O) 13. Nde4 ({White should try} 13. Qh5 $14) 13... O-O 14. Qh5 (14. Qd2 $17 {was necessary.}) 14... exf4 $19 15. Bc1 Bg4 16. Qh4 Qd7 17. Bxf4 Bf5 {[#] ...Bxe4 is the strong threat.} 18. Rae1 Bg6 19. Re2 Nb4 20. Qg3 ({But not} 20. Be5 $2 b5 $19) (20. Qh3 $17 {was called for.} Qxh3 21. Nxh3) 20... b5 21. axb5 axb5 22. Bd3 Nd5 23. Bc1 Rad8 24. Qe5 $2 {Loses the game.} (24. Nf3 $17) 24... Nf5 25. Ref2 $2 (25. h4 {might work better.} Bxg5 26. Nxg5) 25... Nfe3 26. Bxe3 dxe3 27. Re2 Rde8 (27... Rfe8 $142 28. Nf3 Bb4) 28. Qg3 $2 (28. Nf3) 28... f5 {Black is clearly winning.} 29. c4 fxe4 30. Rxf8+ Rxf8 {Av CentiPawn Loss W=-110/B=-41. Weighted=-144/-41} 0-1

[Event "7th Uppsala Young Champions"]
[Site "Uppsala"]
[Date "2020.10.26"]
[Round "5.6"]
[White "Radeva, Viktoria"]
[Black "Stefansson, Vignir Vatnar"]
[Result "*"]
[WhiteElo "2263"]
[BlackElo "2313"]
[Annotator "TA"]
[PlyCount "29"]
[EventDate "2020.10.23"]
[EventType "swiss"]
[EventCountry "SWE"]
[SourceTitle "playchess.com"]
[Source "ChessBase"]
[SourceQuality "1"]

{[%evp 13,16,25,20,0,21]} 1. e4 e6 2. d4 d5 3. Nd2 c5 4. exd5 Qxd5 5. Ngf3 cxd4 6. Bc4 Qd8 7. O-O a6 8. a4 {C07: French Tarrasch: 3...c5, 4 Ngf3 and 4 exd5 Qxd5.} Qc7 {[#] Not much happened in this game.} {Predecessor:} 9. Nxd4 $146 Nf6 10. Qf3 Bd6 11. h3 O-O 12. Bb3 Nbd7 13. c3 Ne5 14. Qe2 b6 15. Bc2 {1-0 (71) Meissner,F (2333)-Tuomainen,F (2174) Katowice 2017} *

[Event "7th Uppsala Young Champions"]
[Site "Uppsala"]
[Date "2020.10.26"]
[Round "5.7"]
[White "Mica, Marek"]
[Black "Wernberg, Hugo"]
[Result "0-1"]
[WhiteElo "2294"]
[BlackElo "2211"]
[Annotator "TA"]
[PlyCount "78"]
[EventDate "2020.10.23"]
[EventType "swiss"]
[EventCountry "SWE"]
[SourceTitle "playchess.com"]
[Source "ChessBase"]
[SourceQuality "1"]

{[%evp 19,78,-19,0,-35,-15,-28,-50,-46,-31,-63,-80,-87,-60,-74,-76,-125,-123,-121,-88,-153,-127,-183,-175,-225,-220,-247,-282,-614,-333,-664,-299,-596,-301,-562,-612,-578,-545,-585,-579,-853,-853,-851,-837,-730,-662,-781,-648,-826,-802,-1270,-1274,-1652,-1164,-2075,-2003,-29975,-29975,-29983,-29983,-29982,-29982]} 1. d4 d5 2. c4 c6 3. Nc3 Nf6 4. Nf3 e6 5. Bg5 h6 6. Bh4 dxc4 7. e4 g5 8. Bg3 b5 9. Be2 Bb7 10. O-O Nbd7 11. Nd2 {D43: Semi-Slav: 5 Bg5 h6.} a6 12. e5 Nd5 13. Nde4 {Black is slightly better.} c5 {[#]} 14. Nd6+ $146 ({Predecessor:} 14. Bf3 Rb8 15. a4 Nxc3 16. bxc3 b4 17. Nf6+ Nxf6 18. exf6 Bxf3 19. Qxf3 Rc8 20. dxc5 Bxc5 {1-0 (53) Rawlings,A (2411)-Cilloniz Razzeto,A (2354) ICCF email 2014}) 14... Bxd6 $1 15. exd6 cxd4 16. Qxd4 Qf6 17. Qd2 {[#]} Nf4 $1 18. f3 Rc8 19. Rac1 (19. Bd1 $142) 19... O-O $36 {[%mdl 2048] Keeping White busy.} 20. Rfd1 (20. Bxf4 $17 {keeps fighting.} gxf4 21. Bd1) 20... Rfd8 $19 21. Bf2 Qf5 22. b4 Ne5 23. Qd4 $2 (23. Bg3) 23... Rd7 {...Bxf3! is the strong threat.} 24. a4 $2 {[#]} (24. Qd2) 24... Rcd8 (24... Bxf3 $142 $1 {[%mdl 512]} 25. Bg3 (25. Bxf3 $2 Nxf3+ 26. gxf3 Qh3 $19) 25... Bxe2 26. Bxf4 Nc6 {[%mdl 64] Double Attack}) 25. axb5 $2 (25. Qe3) 25... Rxd6 26. Qxd6 $2 (26. Qe3 {was forced.} Nxe2+ 27. Qxe2) 26... Rxd6 27. Rxd6 {[#]} Bxf3 $1 {[%mdl 512]} 28. Rd8+ (28. Bxf3 Nxf3+) 28... Kh7 29. Bxf3 Nxf3+ 30. Kh1 axb5 31. Bg3 Ne5 32. Rf1 Nc6 33. Rd7 Nxb4 34. Rb7 Nbd5 35. Bxf4 Nxf4 36. g3 {[#]} Qd3 $1 {[%cal Rd3f1][%mdl 64] Double Attack} 37. Rf2 Qxc3 {Black mates.} 38. gxf4 Qe1+ 39. Kg2 Qe4+ {[%mdl 64] Double Attack. Av CentiPawn Loss W=-170/B=-61. Weighted=-185/-82} 0-1

[Event "7th Uppsala Young Champions"]
[Site "Uppsala"]
[Date "2020.10.26"]
[Round "5.8"]
[White "Carlsson, Ludvig"]
[Black "Soderstrom, Adrian"]
[Result "0-1"]
[WhiteElo "2281"]
[BlackElo "2168"]
[Annotator "TA"]
[PlyCount "58"]
[EventDate "2020.10.23"]
[EventType "swiss"]
[EventCountry "SWE"]
[SourceTitle "playchess.com"]
[Source "ChessBase"]
[SourceQuality "1"]

{[%evp 29,58,85,126,124,136,109,239,136,133,129,110,-134,-79,-113,-150,-142,0,-260,-245,-703,-639,-666,-639,-768,-763,-683,-687,-1503,-1592,-1471,-1474]} 1. e4 e5 2. Nf3 Nc6 3. Bb5 a6 4. Ba4 Nf6 5. O-O Be7 6. Re1 b5 7. Bb3 O-O 8. c3 d5 9. exd5 Nxd5 10. Nxe5 Nxe5 11. Rxe5 Nf6 12. Re1 Bd6 13. h3 Ng4 14. Qf3 Qh4 15. d4 Nxf2 16. Re2 {C89: Closed Ruy Lopez: Marshall Attack.} Bg4 17. hxg4 {[#] Threatens to win with Bf4.} (17. Qxf2 Bg3 $17) 17... Bh2+ 18. Kf1 {White is clearly better.} Bg3 {[%cal Rh4h1] [#]} 19. Ke1 $146 ({Predecessor:} 19. Rxf2 Qh1+ 20. Ke2 Qxc1 21. Qxg3 Qxb2+ 22. Nd2 Qxa1 23. Rxf7 Rae8+ 24. Re7+ Kh8 25. Qe5 Rxe7 26. Qxe7 {1-0 (40) Simmelink,J (2408)-Benyounes,C ICCF email 2001}) 19... Nh3+ 20. Kd2 $2 (20. Kd1 $16 Ng1 21. Qe4 (21. Bxf7+ $2 Kh8 $19) 21... Nxe2 22. Qxe2) 20... Ng1 $1 $40 {[%csl LRe2,LRf3][%mdl 192] Double Attack. Black goes for the king.} 21. Qf1 ({Wrong is} 21. Bxf7+ $2 Kh8 $19) 21... Nxe2 22. Qxe2 {[#]} c5 ({But not} 22... Rae8 $6 23. Qf3 $11) (22... Bf4+ $1 $17 23. Kc2 Bxc1 24. Kxc1 Rae8) 23. a4 $2 {[%mdl 8192]} (23. dxc5 $11 {and White stays safe.} Bf4+ 24. Kc2 Bxc1 25. Kxc1) 23... c4 $19 ({Not} 23... Rae8 24. Qf3 $11) 24. Ba2 $2 (24. Kc2 cxb3+ 25. Kxb3) 24... Rae8 {Black is clearly winning.} 25. Qf3 h5 26. gxh5 {next Kc2 is good for White.} Bf4+ 27. Kc2 Bxc1 28. Kxc1 Qe1+ 29. Qd1 Qf2 {Av CentiPawn Loss W=-135/B=-13. Weighted=-138/-26} 0-1

[Event "7th Uppsala Young Champions"]
[Site "Uppsala"]
[Date "2020.10.26"]
[Round "5.9"]
[White "Heimisson, Hilmir Freyr"]
[Black "Rasti, Arvin"]
[Result "1-0"]
[WhiteElo "2352"]
[BlackElo "2201"]
[Annotator "TA"]
[PlyCount "115"]
[EventDate "2020.10.23"]
[EventType "swiss"]
[EventCountry "SWE"]
[SourceTitle "playchess.com"]
[Source "ChessBase"]
[SourceQuality "1"]

{[%evp 12,115,43,42,66,40,50,39,61,52,60,44,56,60,56,52,83,79,72,41,75,68,89,70,70,80,106,-11,0,-16,-3,-80,13,-78,-67,-52,-54,-67,-68,-71,-83,-149,-94,-164,-157,-186,-123,-166,-88,-114,-56,-56,0,-4,0,0,0,0,0,0,0,-58,474,527,529,497,519,513,499,287,493,495,470,473,439,319,548,556,624,600,665,661,798,770,1047,1039,1028,994,1186,1181,1161,1079,1327,1312,1187,1428,1424,1422,1346,1339,1384,1383,1487,1368,1247,1179]} 1. d4 d6 2. e4 Nf6 3. Bd3 e5 4. c3 Be7 5. Nf3 Nbd7 6. O-O O-O 7. Re1 c6 {B07: Pirc Defence: Miscellaneous Systems.} 8. a4 b6 9. Nbd2 Bb7 {White is slightly better.} 10. Nf1 Re8 11. Ng3 g6 {[#]} 12. Bg5 $146 ({Predecessor:} 12. h3 Bf8 13. Be3 Qe7 14. Qd2 Rad8 15. Bg5 Qe6 16. Bb1 Bg7 17. Nh2 Qe7 18. Ng4 {0-1 (67) Bartos,A (2094)-Petkov,A (1830) Tabor 2010}) 12... Bf8 13. Qd2 Qc7 14. Rad1 Bg7 15. Bb1 Rad8 16. Bh6 Nf8 17. Bxg7 Kxg7 18. Qg5 {And now Nf5+ would win.} Bc8 19. Nf5+ (19. dxe5 $16 dxe5 20. Rxd8 Qxd8 21. Nxe5) 19... Bxf5 $1 $11 20. exf5 e4 $1 {[%cal Re4f3]} 21. Nh4 (21. Nd2 $1 $11 {keeps the balance.}) 21... Qd7 (21... h6 $17 22. Qg3 g5) 22. fxg6 (22. f3 $11 {remains equal.} d5 23. fxe4 dxe4 24. Qg3 (24. fxg6 hxg6 25. Qf4 Qd6 $17)) 22... hxg6 $17 23. f3 {[%cal Rf3e4]} N8h7 $36 {[%mdl 2048] Black is more active.} 24. Qg3 {[%cal Rf3e4]} d5 25. fxe4 dxe4 ({Reject} 25... Nxe4 26. Bxe4 dxe4 27. Rf1 $11) 26. h3 (26. Re3 $142) 26... Qd5 (26... Nh5 $142 $1 {[%cal Rh5g3]} 27. Qe3 f5) 27. Rf1 {[#]} (27. Re3 $17 {was called for.}) 27... Qg5 $1 $19 {[%cal Rg5g3]} 28. Kh2 Re6 (28... Qxg3+ $19 29. Kxg3 Ng5) 29. Rde1 ({Don't go for} 29. Qc7 $2 Qxh4 30. Ba2 Rd7 $19) 29... Rde8 (29... Qxg3+ $19 30. Kxg3 Ree8) 30. Ba2 R6e7 (30... Qxg3+ $17 31. Kxg3 Nd5) 31. Re3 $15 Nd5 ({Black should try} 31... Rh8 $15) 32. Bxd5 $11 cxd5 33. Qf2 Qf6 34. Qe1 Qd6+ 35. Rg3 {Strongly threatening Nf5+.} Kh8 $1 {[#]} 36. Qe3 (36. Rxf7 $1 $11 {[%mdl 512]} Rxf7 37. Nxg6+ Kg8 38. Ne5+ Kf8 39. Ng6+ Kg8 40. Ne5+ Kf8 41. Ng6+ Kg8) 36... Nf8 $2 {[%mdl 8192]} (36... Rg8 $1 $15 {keeps the upper hand.}) 37. Qh6+ $18 Nh7 {[#]} 38. Rxf7 $1 {[%csl Gf7][%cal Rh6h7][%mdl 512]} Qxg3+ (38... Rxf7 39. Nxg6+) 39. Kxg3 {[%csl Gf7][%cal Rh6h7]} Rxf7 40. Nxg6+ Kg8 41. Ne5 Rf6 42. Qh5 Re7 43. Ng4 Rfe6 $2 (43... e3 {is a better defense.} 44. Nxf6+ (44. Qxd5+ Kg7 $16) 44... Nxf6) 44. Qxd5 {White is clearly winning.} Kg7 {Black hopes to continue with ...e3.} 45. Kf2 e3+ 46. Ke2 Kf8 47. Qf5+ Ke8 48. d5 Rd6 49. c4 a5 50. b3 Nf8 51. h4 Nd7 52. h5 Rf7 53. Qg5 Nf8 54. Qe5+ Kd7 55. g3 Nh7 56. Qh8 Kc7 57. Ne5 Re7 58. Nc6 {Quite a comeback for White. Av CentiPawn Loss W=-18/B=-44. Weighted=-26/-68} 1-0

[Event "7th Uppsala Young Champions"]
[Site "Uppsala"]
[Date "2020.10.26"]
[Round "5.10"]
[White "Johnson, Daniel"]
[Black "Hrescak, Ivana"]
[Result "1-0"]
[WhiteElo "2100"]
[BlackElo "2237"]
[Annotator "TA"]
[PlyCount "115"]
[EventDate "2020.10.23"]
[EventType "swiss"]
[EventCountry "SWE"]
[SourceTitle "playchess.com"]
[Source "ChessBase"]
[SourceQuality "1"]

{[%evp 10,115,16,24,26,24,32,28,22,24,25,31,45,37,45,32,53,51,52,58,99,93,99,100,91,81,109,87,86,77,94,87,92,81,87,75,116,73,69,56,77,63,159,82,125,117,162,177,186,122,121,114,161,160,327,339,320,329,293,264,253,184,29988,29989,29990,894,894,874,1046,1046,1029,1017,995,979,935,874,1011,1016,896,931,847,774,717,695,666,638,828,647,796,734,1411,1375,6670,5493,6482,12627,6498,6179,29971,29971,29963,29965,29977,29978,29979,29980,29980,29981]} 1. e4 c5 2. Nf3 d6 3. Bb5+ Bd7 4. Bxd7+ Qxd7 5. c4 Nf6 6. Nc3 g6 {6...g6 is better than 6...Nc6. B52: Sicilian: Moscow Variation with 3...Bd7.} 7. d4 cxd4 8. Nxd4 Bg7 {White has an edge.} 9. f3 O-O 10. Be3 Rc8 11. Qd3 {[#]} Na6 $146 ({Predecessor:} 11... Nc6 12. b3 e6 13. O-O d5 14. cxd5 exd5 15. Nxc6 bxc6 16. e5 Ne8 17. f4 f6 {½-½ (42) Deniz,U (1871)-Mueller,O (2253) Cagliari 2019}) 12. b3 Nc5 13. Qd2 e6 14. O-O d5 15. cxd5 exd5 16. e5 Ne8 17. f4 $1 f6 18. Nf3 d4 19. Bxd4 Ne6 20. Ne2 fxe5 21. fxe5 Rd8 22. Rad1 N8c7 23. Qe1 Qb5 24. Nc3 Qa5 25. Qe3 b6 (25... Nd5 $14 26. Nxd5 Rxd5) 26. Kh1 (26. Ne4 $142 $1 {[%cal Re4f6] Strongly threatening Nf6+.} Nd5 27. Qf2) 26... Rac8 {[#]} 27. Ne4 $1 {[%cal Re4f6]} Nd5 28. Qf2 Rf8 29. Qh4 ({White should play} 29. Ba1 $18) 29... Nxd4 $16 30. Rxd4 {Hoping for Rg1.} Ne3 31. Rd7 $40 {[%mdl 128] Threatens to win with Nf6+. White goes for the king.} Qb5 $2 (31... Qxe5 $16 {was worth a try.} 32. Rg1 (32. Rxa7 $2 Rxf3 33. gxf3 Nxf1 $19) (32. Re1 Qf4 $16) 32... Nf5 33. Qxh7+ (33. Nxe5 Nxh4 34. Nc4 Rcd8 $11) 33... Kxh7 34. Nxe5 a5) 32. Nf6+ $18 Rxf6 {[#]} 33. Rxg7+ $1 {[%mdl 576] Remove Defender} Kxg7 34. Qxf6+ Kg8 35. Re1 {Qe6+ is the strong threat.} Nc2 $2 (35... Re8 $18 36. h3 Qd3) 36. Qe6+ {[%mdl 64] Double Attack} Kg7 37. Qxc8 (37. Qe7+ $142 Kh6 38. Qh4+ Kg7 {[#]} 39. Ng5 $1 {[%mdl 512]} Rh8 40. Ne6+ Kf7 41. Qf6+ {[%mdl 64] Double Attack} Ke8 42. Qd8+ Kf7 43. Ng5+ Kg7 44. Qf6+ Kh6 45. Nf7+ {[%mdl 64] Double Attack} Kh5 46. Qg5#) 37... Nxe1 38. Qc7+ {[%mdl 64] Double Attack} Kg8 39. Qd8+ Kg7 40. Qf6+ Kg8 41. Nxe1 Qe2 42. Nf3 Qf1+ 43. Ng1 Qxf6 44. exf6 {[%mdl 4096] Endgame KN-KP} Kf7 45. Nf3 Kxf6 46. Kg1 Kf5 47. Kf2 Ke4 48. Ke2 h6 49. b4 {[%cal Bb3b4,Bb4b5][%mdl 32]} g5 50. h3 Kf4 51. Nd4 Ke4 52. Nc6 a6 53. Nb8 a5 54. b5 {White mates.} Kd5 55. Nd7 Kd6 56. Nxb6 Kc5 57. a4 Kxb6 58. Kf3 {Av CentiPawn Loss W=57/B=12. Weighted=-10/-67} 1-0